| 000 | 00367nam a2200145Ia 4500 | ||
|---|---|---|---|
| 100 | _aArmbrust/S./ Forgeron/T. | ||
| 942 | _cBK | ||
| 654 | _aProgrammers ref manual for ibm personal computers | ||
| 245 | _aProgrammers Ref Manual for Ibm Personal C | ||
| 260 |
_bGalgotia _aU.S.A _c1992 |
||
| 082 |
_a5.245 _bARM |
||
| 300 | _a721 | ||
| 546 | _aENGLISH | ||
| 999 |
_c20181 _d20181 |
||